000 00429nam a2200157 i 4500
001 37973
003 ES-MaACL
005 20230906155655.0
007 t|
008 030224q19001950fr ||||1| fre d
100 1 _aCabanès, Augustin.
_933136
245 1 4 _aLes indiscretions de l'histoire /
_cAugustin Cabanès.
260 _aParís :
_b[s.n.,
_c19--?] (
_fA. Leroy)
300 _a6 v. ;
_c18 cm.
852 _aES-MaACL
_jD-1287-92
999 _c37973
_d37973